000 00290nam a2200109Ia 4500
001 588868
005 20250717120839.0
008 250717s9999 xx 000 0 und d
245 0 _aV-3 AFACAN DEDEKTİFLER HAYALET ADASINDA
_cSİMONE VEENSTRA
260 _bERDEM YAYINLARI
_c2017
300 _b95
999 _c588868
_d588868